000 00302nam a22001337a 4500
003 SGT
020 _a99788189635510
082 _a294,SIN
100 _aSINGH, T.D.
245 _aSCIENTIFIC EXPOLORATION FOR GOD
260 _aKOLKATA
_bBHAKTIVEDANTA INSTITUTE
_c2018
300 _a66
942 _2ddc
_cBK
999 _c23406
_d23406